| 000 | 00385cam a2200145 4500 | ||
|---|---|---|---|
| 001 | L130668 | ||
| 002 | 8837 | ||
| 008 | 050823n2005 000 0 eng u | ||
| 020 | _a0117539465 | ||
| 035 | _a(Sirsi) u130668 | ||
| 245 | 4 | _aThe building regulations 2000 conservation of fuel and power in dwellings | |
| 260 |
_aThe Stationery Office Books _c2005 |
||
| 350 | _a6.00 | ||
| 942 | _n0 | ||
| 999 |
_c104510 _d104510 |
||